| 000 | 00891 a2200253 4500 | ||
|---|---|---|---|
| 001 | 200131191 | ||
| 999 |
_c200131191 _d30143 |
||
| 003 | TR-AnTOB | ||
| 005 | 20200606195128.0 | ||
| 008 | 140114b tu 000 0 | ||
| 040 | _aTR-AnTOB | ||
| 041 | _atur | ||
| 050 | 0 | 0 |
_aNA2750 _bM56 2007 |
| 090 | _aNA2750 M56 2007 | ||
| 110 |
_aOrta Doğu Teknik Üniversitesi (Ankara, Turkey) _946889 |
||
| 245 | 1 | 0 |
_aMimari Tasarım stüdyoları ODTÜ 2006 / 2007= _bMETU architectural design studios 20062007 / _ced. Berin F. Gür. |
| 264 | 1 |
_aAnkara : _bOrta Doğu Teknik Üniversitesi, _c2007 |
|
| 300 |
_a117 s.: _brnk., ftğ., pln.; _c28 cm |
||
| 650 | 0 | 7 |
_aMimari tasarım _xVeri işleme _2etuturkob _912775 |
| 650 | 0 | 0 |
_aArchitectural design _xData processing _912778 |
| 650 | 0 |
_aArchitectural design _xStudy and teaching _995306 |
|
| 650 | 0 |
_aMimari tasarım _xÇalışma ve öğretim _995307 |
|
| 942 | _cBK | ||